1814 1386 1660 1127 1627 1474 1062 1046 1029 1668 1186 1166 1102 1215 1087 1486 1940 1658 1983 1593 1072 1141 1274 1760 1748 1688 1106 1618 1462 1666 1340 1449 1023 1878 1892 1615 1537 1098 1943 1115 1286 1625 1657 1601 1076 1667 1417 1695 1223 1446 1043 1078 1817 1392 1035 1450 1309 1715 1317 1084 1582 1809 1869 1440 1076 1206 1947 1701 1461 1522 1599 1820 1045 1875 1850 1756 1712 1430 1068 1672 1755 1265 1162 1464 1058 1121 1958 1566 1475 1365 1401 1755 1686 1693 1054 1901 1243 1511 1131 BCNSPRNW ULIB Ver.6.0+V

เปลี่ยนเป็นภาษาไทย

Change to English
 แสดงรายละเอียดบรรณานุกรม
  กลับหน้าหลัก

Brief Record : Get Marc (ISO 2709) : E-mail record : QR code < ปิดหน้าต่าง
LEADER : 00000nam 2200000uu 4500
001    13399124347
003     ULIB
008    150511s2555||||th 000 0 tha d
020    ^a9786162142314
099    ^aนว ว257อ
100    ^aวรรณวรรธน์
245    ^aอขิทโร มหาคุรุเทวา ปรัยวสาน ๒ เล่ม 5
250    ^aพิมพ์ครั้งที่ 1
260    ^aกรุงเทพฯ :^bณ บ้านวรรณกรรม กรุ๊ป,^c2555
300    ^a374 หน้า
650    ^aวรรณวรรธน์^xนิยาย
945    ^p300^l0^i039391
999    ^aเกษร โพธิ์สุวรรณ
รายการนี้ยังไม่มีแท็ก
คุณยังไม่ได้ล็อกอิน คุณสามารถมีกิจกรรมร่วมกับเว็บไซต์ได้ แต่ต้องล็อกอินก่อน ::
  ล็อกอิน

รายการสื่อสารสนเทศ

ลำดับที่ ประเภท เลขเรียก/บาร์โค้ด สถานที่ สถานะ
1. นวนิยาย
นวนิยาย
นว ว257อ ฉ.1 
  Barcode: 039391
ห้องสมุดวิทยาเขตสวรรค์ประชารักษ์
►นวนิยาย
บนชั้น
  ขอยืม

รายการใกล้เคียง
    ผู้แต่ง [วรรณวรรธน์]

BibComment


ยังไม่เคยถูกคอมเมนท์

คอมเมนท์ทรัพยากรรายการนี้
  คอมเมนท์: อขิทโร มหาคุรุเท..


 Copyright 2026. Bcnsprnw @Library